00495nam a2200133Ia 4500008004100000020002400041050002200065100001600087245007500103260005900178300002500237650003800262700006100300120721s9999 xx 000 0 und d a0-333-67391-67391-3 aPE 1128 B384 1999 aBEARE, Nick aProfiles : workbook 3 / Nick Beare, Jeanette Greenwell, Terry Phillips aLondon : Macmillan Heinemann English Language Teaching a64 p. : il. ; 28 cm. aInglés -- Estudio y enseñanza aGREENWELL, Jeanette, coaut. \ PHILLIPS, Terry, coaut.Ì